| 000 | | | 05514ckm0a2200349#x 450 |
| 001 | | | 98400653-330e-4bd5-8901-742810eb6893 |
| 005 | | | 20250903143836.0 |
| 100 | ## | $a | 20250903j194508##k###0rusy50 ca |
| 101 | 0# | $a | rus |
| 102 | ## | $a | RU |
| 116 | ## | $a | fiibxx####zz####zz |
| 122 | 2# | $a | d194508#### |
| | $a | d194509#### |
| 200 | 1# | $a | Фотоальбом "Оборонительные сооружения японцев", составленный отделом по изучению опыта войны Оперативного управления штаба 1-го Дальневосточного фронта (приложение к журналу боевых действий 1-го Дальневосточного фронта за август 1945 г.) |
| | $j | [Август-сентябрь 1945 г.] |
| 251 | ## | $c | Документ |
| 300 | ## | $a | Подлинник |
| 461 | #0 | $1 | 2001 |
| | $a | Ф. 234 |
| | $1 | 251 |
| | $c | Фонд |
| | $1 | 852 |
| | $j | 234 |
| 462 | #0 | $1 | 2001 |
| | $a | Оп. 3213 |
| | $1 | 251 |
| | $c | Опись |
| | $1 | 852 |
| | $j | 3213 |
| 462 | #0 | $1 | 2001 |
| | $a | Д. 417 |
| | $v | Л. 1-19об., 20 |
| | $1 | 251 |
| | $c | Дело |
| | $1 | 852 |
| | $j | 417 |
| 601 | 02 | $2 | prlib_sh |
| | $3 | LIBNET\UAF\0000114694 |
| | $a | Дальневосточный фронт |
| | $j | Фотографии |
| 605 | ## | $2 | prlib_sh |
| | $3 | LIBNET\UAF\0000088514 |
| | $a | Вторая мировая война в архивных документах (Комплекс оцифрованных архивных документов, кино- и фотоматериалов) |
| | $l | коллекция |
| 605 | ## | $2 | acquisition_Prlib |
| | $3 | DITM\AF\0000000338 |
| | $a | Память о Великой Победе |
| | $l | коллекция |
| 606 | 1# | $2 | nlr_sh |
| | $3 | RU\NLR\AUTH\66249354 |
| | $a | Советско-японская война |
| | $z | 1945 |
| | $j | Фотографии |
| 606 | 1# | $2 | nlr_sh |
| | $3 | RU\NLR\AUTH\661367315 |
| | $a | Долговременные фортификационные сооружения |
| | $j | Фотографии |
| 606 | 1# | $2 | nlr_sh1 |
| | $3 | RU\NLR\AUTH\6673279 |
| | $a | Наблюдательные пункты(воен.) в артиллерии |
| | $j | Фотографии |
| 608 | ## | $2 | prlib_sh |
| | $3 | DITM\AF\0000001707 |
| | $a | Документальные фотографии |
| 686 | ## | $a | 63.3(2)622,14я611 |
| | $v | LBC/M |
| | $2 | rubbk |
| 686 | ## | $a | 68.80я611 |
| | $v | LBC/M |
| | $2 | rubbk |
| 801 | #0 | $a | RU |
| | $b | ПБ им. Б.Н. Ельцина |
| | $c | 20250903 |
| 801 | #1 | $a | RU |
| | $b | ПБ им. Б.Н. Ельцина |
| | $c | 20250903 |
| | $2 | rusmarc |
| 801 | #2 | $a | RU |
| | $b | ПБ им. Б.Н. Ельцина |
| | $c | 20250903 |
| | $2 | rusmarc |
| 850 | ## | $a | Центральный архив Министерства обороны Российской Федерации |
| 852 | ## | $a | ЦА МО РФ |
| | $j | Л. 1-19об., 20 |
| 035 | ## | $a | LIBNET\0001495935 |
| 937 | ## | $d | 198134847 |
| | $h | Федеральное архивное агентство |
| 856 | 4# | $u | http://readingroom.main.prlib.ru/item.aspx?id_node=n198134847&mode=full |